zpět

Detail výsledku týmu

Zlatý Jelen, Jablonec nad Nisou

Datum a čas kvízu

12.5 Celkem bodů Celkový počet nahraných bodů na tomto kvízu bez doplňovacích otázek.
15. Pořadí na kvízu Konečné umístění týmu na tomto kvízu.

Zaznamenané odpovědi

# Otázka Odpověď Body Výsledky
1. V úterý zaměstnalo policejní o... Helena Válková; ANO 0.5
2. Prezidenti Sadyr Žaparov a Imo... Kyrgyzstán, Tádžikistán 0.5
3. Režisérka a herečka Greta Gerw... Letopisy Narnie 0
4. Dozorčí rada Moravskoslezských... Hrušovany 0
5. Jak se jmenuje italský gólman,... Gianluigi Donnarumma 0
6. V příštích pěti otázkách vždy... C 0
7. Který prezident USA mohl v obd... Lyndon B. Johnson 0
8. Co nemohl během svého působení... B 1
9. Ze kterého města pocházel tým,... Zlín 0
10. O které z těchto událostí se z... D 0